[Event "BAN-chT Golden Jubilee 2021-22"]
[Site "Dhaka"]
[Date "2022.03.12"]
[Round "3.4"]
[White "Reefat, Bin-Sattar"]
[Black "Ikramul, Haq Siam"]
[Result "1-0"]
[WhiteElo "2371"]
[BlackElo "2075"]
[Annotator "RC"]
[PlyCount "95"]
[EventDate "2022.03.10"]
[EventType "team-tourn"]
[EventCountry "BAN"]
[SourceTitle "playchess.com"]
[Source "ChessBase"]
[SourceQuality "1"]
[TimeControl "40/5400+30:1800+30"]

1. e4 {[%emt 0:02:41]} e6 {[%emt 0:02:12]} 2. d4 {[%emt 0:00:08]} d5 {[%emt 0:00:03]} 3. e5 {[%emt 0:00:24]} c5 {[%emt 0:00:02]} 4. c3 {[%emt 0:00:04]} Qb6 {[%emt 0:00:03]} 5. Nf3 {[%emt 0:00:05]} Nc6 {[%emt 0:00:12]} 6. a3 {[%emt 0:00:16]} Bd7 {[%emt 0:00:47]} 7. b4 {[%emt 0:04:12]} cxd4 {[%emt 0:00:22]} 8. cxd4 {[%emt 0:00:02]} Rc8 {[%emt 0:00:01]} 9. Be3 {[%emt 0:22:48]} Nh6 {[%emt 0:00:32]} 10. Bd3 {[%emt 0:00:20]} Ng4 {[%emt 0:00:02]} 11. O-O {[%emt 0:00:21]} Nxe3 {[%emt 0:00:48]} 12. fxe3 {[%emt 0:00:56]} Be7 {[%emt 0:02:21]} 13. Qe1 {[%emt 0:18:12]} O-O {[%emt 0:07:06]} 14. Nc3 {[%emt 0:00:31]} Qd8 {[%emt 0:06:06]} 15. e4 {[%emt 0:23:28]} dxe4 {[%emt 0:05:04]} 16. Qxe4 {[%emt 0:00:11]} g6 {[%emt 0:00:20]} 17. Rac1 {[%emt 0:00:14]} f5 {[%emt 0:02:33]} 18. exf6 {[%emt 0:09:17]} Bxf6 {[%emt 0:01:48]} 19. b5 {[%emt 0:00:12]} Ne7 {[%emt 0:02:52]} 20. Qxb7 {[%emt 0:00:14]} Qb6 {[%emt 0:03:36]} 21. Qxb6 {[%emt 0:02:56]} axb6 {[%emt 0:00:03]} 22. Ne4 {[%emt 0:00:06]} Bg7 {[%emt 0:01:22]} 23. Ne5 {[%emt 0:06:16]} Rxf1+ {[%emt 0:11:06]} 24. Rxf1 {[%emt 0:00:02]} Be8 {[%emt 0:00:01]} 25. Nf6+ {[%emt 0:04:24]} Kh8 {[%emt 0:00:36]} 26. Bc4 {[%emt 0:02:21]} Nd5 {[%emt 0:07:46]} 27. Bxd5 {[%emt 0:00:09]} exd5 {[%emt 0:00:51]} 28. a4 {[%emt 0:00:50]} Ra8 {[%emt 0:02:12]} 29. Nxd5 {[%emt 0:01:06]} Rxa4 {[%emt 0:01:46]} 30. Nc7 {[%emt 0:00:07]} Rxd4 {[%emt 0:26:24]} 31. Nxe8 {[%emt 0:00:05]} Rd5 {[%emt 0:04:43]} 32. Nf7+ {[%emt 0:00:21]} Kg8 {[%emt 0:00:01]} 33. Nfd6 {[%emt 0:00:06]} Bd4+ {[%emt 0:00:31]} 34. Kh1 {[%emt 0:00:13]} Be5 {[%emt 0:00:03]} 35. Nc8 {[%emt 0:03:27]} Rd7 {[%emt 0:01:12]} 36. g4 {[%emt 0:00:19]} Rf7 {[%emt 0:02:07]} 37. Rxf7 {[%emt 0:00:26]} Kxf7 {[%emt 0:00:01]} 38. Ned6+ {[%emt 0:00:08]} Ke6 {[%emt 0:00:25]} 39. Nc4 {[%emt 0:00:05]} Bc7 {[%emt 0:02:29]} 40. N8xb6 {[%emt 0:00:00]} h5 {[%emt 0:00:00]} 41. h3 {[%emt 0:00:43]} Bd8 {[%emt 0:01:05]} 42. Kg2 {[%emt 0:00:08]} Bc7 {[%emt 0:00:01]} 43. Kf3 {[%emt 0:00:06]} Bd8 {[%emt 0:00:06]} 44. Ke4 {[%emt 0:00:09]} Bc7 {[%emt 0:00:02]} 45. Nd5 {[%emt 0:00:27]} Bb8 {[%emt 0:00:13]} 46. b6 {[%emt 0:00:46]} hxg4 {[%emt 0:00:05]} 47. hxg4 {[%emt 0:00:05]} g5 {[%emt 0:00:17]} 48. Nb4 {[%emt 0:34:03]} 1-0

[Event "BAN-chT Golden Jubilee 2021-22"]
[Site "Dhaka"]
[Date "2022.03.12"]
[Round "3.5"]
[White "Mohammed Abdul, Malek"]
[Black "Sadnan Hasan, Dihan"]
[Result "1/2-1/2"]
[WhiteElo "2148"]
[BlackElo "2152"]
[Annotator "TA"]
[PlyCount "101"]
[EventDate "2022.03.10"]
[EventType "team-tourn"]
[EventCountry "BAN"]
[SourceTitle "playchess.com"]
[Source "ChessBase"]
[SourceQuality "1"]

{[%evp 25,101,-3,0,0,0,-15,-20,0,0,-53,-41,-115,-28,-29,-17,-17,-10,-26,-12,-12,-14,-17,-19,-23,-2,-85,-22,-114,-86,-172,-175,-182,0,0,0,0,0,-7,-2,0,-1,-56,-59,-56,-41,-30,0,0,0,0,0,0,0,0,7,0,0,0,0,0,0,0,0,0,0,0,0,0,0,0,0,0,0,0,0,0,0,0]} 1. d4 Nf6 2. c4 c5 3. d5 e6 4. Nc3 exd5 5. cxd5 d6 6. e4 g6 7. Nf3 Bg7 8. Bd3 O-O 9. O-O Bg4 10. h3 Bxf3 11. Qxf3 a6 12. a4 Nbd7 13. Qd1 Re8 {[%cal Oc5c4]} 14. Bg5 {A70: Modern Benoni: 6 e4 g6 7 Nf3.} Qc7 15. Qd2 c4 16. Bc2 Nc5 {[%cal Rf6e4]} 17. Rae1 (17. Rfe1 $11) 17... Nfd7 $15 {[%cal Ob7b5] [#]} 18. Kh1 $146 {[#]} (18. Bh6 $1 $15) ({Predecessor:} 18. Bh6 Ne5 19. Bxg7 Kxg7 20. Qd4 Ncd3 21. f4 Nxe1 22. Rxe1 f6 23. fxe5 fxe5 24. Qe3 {½-½ (62) Anguera Maestro,J-Romero Briones,A Palma de Mallorca 1967}) 18... Rab8 (18... b5 $1 $17 {Threatens to win with ...b4.} 19. axb5 axb5) 19. Bh6 $11 Bh8 20. f4 $1 {[%cal Oe4e5]} b5 21. axb5 axb5 22. e5 {[%cal Oe5e6] [#] aiming for e6!} b4 23. Ne4 Nxe4 24. Bxe4 {[%cal Oe5e6] A strong pair of Bishops.} Nc5 {To avoid e6} 25. Bc2 (25. Bf3 $11) 25... dxe5 (25... b3 $17 26. Bd1 Qb6) 26. f5 (26. fxe5 $11 {keeps the balance.} Bxe5 27. Qf2) 26... e4 27. Bf4 (27. f6 $17 b3 28. Bf4) 27... Be5 $19 28. d6 Bxf4 $2 29. Qxf4 Qd7 {Hoping for ...Qxf5.} ({Don't do} 29... Qb7 30. f6 Ne6 31. Qh6 $16) 30. f6 {White threatens Qh6 and mate.} Ne6 31. Qh6 Qxd6 32. Rxe4 {Rh4 would kill now.} Qf8 33. Qe3 ({White should try} 33. Qxf8+ $11 Nxf8 34. Rxc4) 33... b3 $15 34. Bd1 Nc5 35. Re7 Ne6 (35... Nd7 $5 {[%cal Rd7f6]} 36. Qf4 Rxe7 37. fxe7 Qxe7 38. Qxc4 Ne5 $15) 36. Qe5 {And now Bg4 would win. The position is equal.} Rbd8 37. Be2 {[%cal Oe5e6]} Rxe7 38. fxe7 Qxe7 {Strongly threatening ...Rd4.} 39. Bxc4 Qc5 40. Qc3 {Bxe6 is the strong threat.} Rc8 41. Bxe6 fxe6 42. Qxb3 $11 {[%mdl 4096] Endgame KQR-KQR} Qc4 43. Qf3 e5 44. Qf6 Re8 45. Rd1 Qf7 46. Qxf7+ Kxf7 47. b4 Rb8 48. Rb1 Ke6 49. Kg1 Rf8 50. Rf1 Rb8 51. Rb1 {Weighted Error Value: White=0.18 (very precise) /Black=0.14 (very precise)} 1/2-1/2

[Event "BAN-chT Golden Jubilee 2021-22"]
[Site "Dhaka"]
[Date "2022.03.12"]
[Round "3.6"]
[White "Sankalp Gupta"]
[Black "Mohammad Nubairshah Shaikh"]
[Result "1/2-1/2"]
[WhiteElo "2536"]
[BlackElo "2436"]
[Annotator "TA"]
[PlyCount "71"]
[EventDate "2022.03.10"]
[EventType "team-tourn"]
[EventCountry "BAN"]
[SourceTitle "playchess.com"]
[Source "ChessBase"]
[SourceQuality "1"]

{[%evp 9,71,72,82,52,58,36,42,30,52,22,28,0,100,95,89,93,91,94,92,91,97,99,100,102,96,95,108,85,77,87,66,82,74,38,70,62,64,60,68,70,68,37,43,53,48,42,18,4,14,14,12,10,11,10,14,0,0,0,0,0,0,0,0,0]} 1. d4 Nf6 2. c4 d6 3. Nc3 e5 4. Nf3 e4 5. Nd2 Qe7 6. e3 {A54: Old Indian Defence with Nf3, but without e4.} g6 7. g3 c6 8. Bg2 {[%cal Rd2e4] White is slightly better.} d5 9. O-O {Hoping for cxd5.} Bg7 $1 {[#]} 10. Rb1 $146 ({Predecessor:} 10. f3 exf3 11. Qxf3 Bg4 12. Qf4 Be6 13. e4 dxe4 14. Ndxe4 Nxe4 15. Nxe4 O-O 16. b3 Bxd4+ 17. Be3 Bxe3+ 18. Qxe3 Bf5 19. Qc5 Qxc5+ 20. Nxc5 b6 21. Na4 Rc8 {½-½ (21) Molina,R (2395)-Disconzi da Silva,R (2352) Dois Irmaos 2008}) 10... Na6 {[#]} (10... O-O $11) 11. b4 $1 $16 Nc7 {[#]} 12. b5 $1 O-O 13. bxc6 bxc6 14. Qa4 Qd7 15. Nb3 {White is more active.} Ne6 16. Ba3 Re8 17. h4 g5 18. cxd5 (18. Na5 {with more complications.} Ba6 19. Rfc1 Bxc4 20. Rb7 Qc8 21. Re7) 18... cxd5 19. Qxd7 Bxd7 20. hxg5 Nxg5 21. Nc5 Bc6 22. Na6 {aiming for Nc7.} Rac8 {Prevents Nc7.} 23. Rfc1 Nf3+ 24. Bxf3 exf3 25. Bc5 h5 $1 26. Nb4 {Pair of Knights!} a5 27. Nxc6 Rxc6 28. Rb5 {The position is equal.} h4 29. gxh4 {Kh2 is the strong threat.} Ne4 $1 30. Nxe4 ({Not} 30. Rxa5 $2 Rg6+ 31. Kf1 Nd2+ 32. Ke1 Nc4 $19) 30... Rxe4 31. Rb6 (31. Rxa5 {is a self mate.} Rxh4) 31... Rg4+ 32. Kf1 Rxh4 {[%cal Rh4h1]} 33. Kg1 {Prevents Rh1+.} Rg4+ 34. Kf1 Rh4 {[%cal Rh4h1]} 35. Kg1 {Prevents Rh1+.} Rg4+ 36. Kf1 {Weighted Error Value: White=0.06 (flawless) /Black=0.09 (flawless)} 1/2-1/2

[Event "BAN-chT Golden Jubilee 2021-22"]
[Site "Dhaka"]
[Date "2022.03.12"]
[Round "3.7"]
[White "Himanshu, Sharma"]
[Black "Narayanan, Srinath"]
[Result "1/2-1/2"]
[WhiteElo "2391"]
[BlackElo "2553"]
[Annotator "TA"]
[PlyCount "118"]
[EventDate "2022.03.10"]
[EventType "team-tourn"]
[EventCountry "BAN"]
[SourceTitle "playchess.com"]
[Source "ChessBase"]
[SourceQuality "1"]

{[%evp 10,118,18,-1,25,2,58,2,29,0,20,27,31,29,42,33,49,34,27,0,16,0,0,0,0,0,0,0,0,0,0,0,21,0,61,62,53,54,41,55,60,57,179,201,179,177,166,158,156,162,158,166,154,157,158,110,121,104,108,116,93,52,52,52,52,52,52,52,52,52,52,52,53,53,53,53,53,50,56,0,54,33,37,37,52,24,37,28,28,21,21,21,21,21,21,21,21,21,21,21,21,21,21,21,21,21,17,8,8,8,8]} 1. e4 {ChessBase II} c5 2. Nc3 Nc6 3. g3 g6 4. Bg2 Bg7 5. d3 e6 6. Nge2 Rb8 {B24: Closed Sicilian: 3 g3 sidelines.} 7. O-O {[%cal Od3d4]} b5 (7... Nge7 $11) 8. a3 (8. Be3 $14) 8... Nge7 9. Bg5 (9. Be3 $5 {[%cal Re3c5]}) 9... h6 10. Be3 Nd4 11. b4 d6 12. Rb1 Bd7 13. Qd2 {[#]} a5 $146 ({Predecessor:} 13... a6 14. Na2 Nxe2+ 15. Qxe2 Qc7 16. c4 bxc4 17. dxc4 O-O 18. Qd2 Kh7 19. Rfd1 cxb4 20. axb4 Qxc4 {1-0 (63) Batigin-Furman,S Leningrad 1953 EXT 2009 [ChessBase II]}) 14. Na2 Nec6 15. f4 Nxe2+ 16. Qxe2 cxb4 17. axb4 {[%cal Of4f5]} O-O 18. Qd2 axb4 19. f5 b3 20. cxb3 exf5 21. exf5 Ne5 (21... Re8 $11 22. Bxh6 (22. fxg6 Rxe3 23. gxf7+ Kf8 $17) 22... Bxh6 23. Qxh6 Bxf5) 22. fxg6 fxg6 23. Rxf8+ Qxf8 24. Rf1 {Inhibits Nf3+.} Bf5 25. h3 {Inhibits Ng4. aiming for g4.} Qc8 (25... Nxd3 $2 26. g4 $18) (25... h5 $1 $14) 26. d4 $18 Nf7 27. g4 $1 $36 {[%mdl 2048] White has strong initiative.} Be6 28. Nb4 Bxb3 29. Nc6 $1 Rb7 {[%cal Bb8b7,Bb7e7,Be7e3][%mdl 32] To avoid Ne7+} 30. Na5 {[%csl LRb3,LRb7] White is much more active.} Re7 31. Nxb3 Qe6 {[#] To avoid Bd5} 32. Na5 ({Avoid the trap} 32. Rxf7 $2 Kxf7 33. Bxh6 (33. Qf2+ $2 Kg8 $19) 33... Qxb3 $19) ({Better is} 32. Rf3 $1 {Hoping for Bf2.} Qxb3 33. Bg5 $1 {[%mdl 512]} Qxf3 34. Bxf3 Nxg5 35. Bd5+ Kh7 36. Qc3) 32... Qxe3+ $16 33. Qxe3 Rxe3 34. Bd5 Bxd4 {[#]} (34... Rg3+ $2 35. Kh2 Rd3 36. Bxf7+ $18) 35. Bxf7+ ({White should play} 35. Nc6 $1 $16 {[%cal Rc6d4]} Re5+ 36. Kg2 Rxd5 37. Ne7+ Kf8 38. Nxd5) 35... Kg7 $14 {And now ...Rf3+ would win.} 36. Nc6 Bf6 37. Bd5 Rxh3 38. Bf3 h5 39. gxh5 gxh5 40. Kg2 Rh4 41. Rb1 Rc4 42. Rxb5 Rc2+ 43. Kh3 Rc3 44. Kg2 (44. Kg3 $5 {[%cal Rb5h5]}) 44... Rc2+ 45. Kg1 (45. Kg3 $5 {[%cal Rb5h5]}) 45... Rc1+ 46. Kh2 Rc2+ 47. Bg2 h4 48. Rb7+ Kg6 49. Rb1 d5 {The position is equal.} 50. Nb4 {[%csl LRc2,LRd5]} Rb2 51. Rxb2 Bxb2 52. Nxd5 Be5+ 53. Kh3 Kg5 54. Ne3 Bg3 55. Nc4 Kf5 56. Nd2 Kg5 57. Ne4+ Kf5 58. Nxg3+ hxg3 59. Kxg3 Ke5 {White really could win this.  Weighted Error Value: White=0.09 (flawless) /Black=0.10 (very precise)} 1/2-1/2

[Event "BAN-chT Golden Jubilee 2021-22"]
[Site "Dhaka"]
[Date "2022.03.12"]
[Round "3.8"]
[White "Anata, Choudhury"]
[Black "Saiful Islam, Chowdhury"]
[Result "0-1"]
[WhiteElo "2170"]
[BlackElo "2075"]
[Annotator "TA"]
[PlyCount "126"]
[EventDate "2022.03.10"]
[EventType "team-tourn"]
[EventCountry "BAN"]
[SourceTitle "playchess.com"]
[Source "ChessBase"]
[SourceQuality "1"]

{[%evp 16,126,14,4,23,22,69,66,87,34,60,43,70,37,39,21,31,27,23,19,11,13,7,-16,22,22,29,14,16,14,36,-30,-35,-40,0,0,91,76,84,97,78,89,79,87,101,93,82,83,80,63,79,57,60,18,24,0,0,0,0,0,0,0,28,0,2,0,0,-1,0,0,0,0,0,0,0,-263,-270,-268,-232,-339,-333,-329,-333,-507,-453,-817,-808,-975,-964,-963,-963,-774,-746,-1121,-1060,-730,-711,-652,-593,-2732,-1559,-12833,-12833,-12843,-12839,-12838,-12838,-12841,-12838,-12845,-12844,-12845,-12843]} 1. e4 c5 2. Nf3 Nc6 3. Bb5 g6 4. Bxc6 dxc6 5. d3 Bg7 6. O-O Nf6 7. Nc3 O-O 8. Be3 b6 9. h3 Ba6 {[%cal Oe7e5] B31: Sicilian: 2...Nc6 3 Bb5 g6.} 10. Qd2 Qd7 (10... e5 $11 {is superior.}) 11. Bh6 $14 Rad8 {[#] White is slightly better.} 12. Qg5 $146 (12. Rfe1 $16) ({Predecessor:} 12. a4 Rfe8 13. Bxg7 Kxg7 14. Qe3 Qc7 15. a5 Bb7 16. Kh1 e5 17. Nh2 Bc8 18. Ne2 {1-0 (34) Hrabusa,M (2359)-Chudek,L (1807) Prague 2021}) 12... Qc7 13. Rfe1 (13. Bxg7 {seems wilder.} Kxg7 14. a4 h6 15. Qe5 Qd6 16. b3) 13... Bc8 14. Rad1 (14. Bxg7 {is more complex.} Kxg7 15. a3 h6 16. Qe5 Rd7 17. b4) 14... Nh5 15. Bxg7 Nxg7 16. e5 Be6 17. Ne4 {g4 is the strong threat.} Bd5 18. a3 Nf5 19. Nh2 h6 20. Qf4 Be6 21. Ng4 Kh7 22. Ng3 Rd4 23. Re4 {[#]} (23. Qc1 $14 g5 24. Ne4) 23... g5 $1 $11 24. Qf3 Qd7 25. Rxd4 Nxd4 (25... cxd4 $11 26. Qe4 c5) 26. Qe4+ $16 Bf5 27. Nxf5 Qxf5 28. c3 Qxe4 29. dxe4 {[%mdl 4096] Endgame KRN-KRN} Ne2+ 30. Kf1 Nf4 31. Rd7 {[%csl LRa7,LRe7]} Ng6 32. Rxa7 {[%cal Oe5e6] And now e6! would win.} Rd8 33. Ke1 {[%cal Oe5e6] Prevents Rd1+.} Kg7 34. g3 (34. e6 $14) 34... e6 $11 35. Ke2 h5 36. Ne3 Nxe5 37. a4 Nd3 38. a5 b5 39. Rc7 Nxb2 40. Rxc6 Na4 41. Nd1 c4 42. a6 {Hoping for a7.} Ra8 43. e5 Kf8 $1 44. Kd2 Ke8 45. Kc2 $2 {[%mdl 8192] White is on the road to losing.} (45. Ke3 $11 {and White is okay.}) 45... Kd7 $19 46. Rd6+ Kc7 47. f3 (47. Kd2 $142) 47... Nc5 48. Nf2 f6 {[%cal Bf7f6,Bf6e5][%mdl 32]} ({Weaker is} 48... Nxa6 49. Ne4 $11) ({Stronger than} 48... Rxa6 49. Rxa6 Nxa6 50. Ne4 $11) 49. Ne4 (49. Rd2 $142 fxe5 50. Re2) 49... fxe5 {Black is clearly winning.} 50. Rd2 (50. h4 $142 Nxe4 51. Rxe6 Nxg3 52. hxg5) 50... Nxe4 51. fxe4 Rxa6 {[#] White must now prevent ...Ra2+. KR-KR} 52. Kb2 {Prevents Ra2+.} Rd6 53. Rf2 Rd3 54. Rf7+ Kd6 55. Rh7 Rxg3 56. Rxh5 Kc5 57. h4 Rg2+ 58. Ka3 Rc2 59. Rxg5 Rxc3+ 60. Kb2 Kd4 61. Rg6 Rh3 62. Rxe6 b4 63. Rb6 Rh2+ {Weighted Error Value: White=0.76/Black=0.11 (very precise)} 0-1

[Event "BAN-chT Golden Jubilee 2021-22"]
[Site "Dhaka"]
[Date "2022.03.12"]
[Round "3.9"]
[White "Shawket Bin, Osman Shaon"]
[Black "Islam, Khandaker Aminul"]
[Result "1/2-1/2"]
[WhiteElo "2065"]
[BlackElo "2153"]
[Annotator "ChessBase"]
[PlyCount "95"]
[EventDate "2022.03.10"]
[EventType "team-tourn"]
[EventCountry "BAN"]
[SourceTitle "playchess.com"]
[Source "ChessBase"]
[SourceQuality "1"]
[TimeControl "40/5400+30:1800+30"]

1. d4 {[%emt 0:00:04]} Nf6 {[%emt 0:00:03]} 2. c4 {[%emt 0:00:26]} e6 {[%emt 0:00:04]} 3. Nc3 {[%emt 0:00:04]} Bb4 {[%emt 0:00:24]} 4. f3 {[%emt 0:00:31]} c5 {[%emt 0:01:05]} 5. d5 {[%emt 0:00:12]} d6 {[%emt 0:07:34]} 6. e4 {[%emt 0:04:14]} O-O {[%emt 0:04:25]} 7. Bd2 {[%emt 0:07:30]} Re8 {[%emt 0:03:00]} 8. Kf2 {[%emt 0:02:39]} Na6 {[%emt 0:07:56]} 9. Nge2 {[%emt 0:04:29]} Nc7 {[%emt 0:01:32]} 10. Nf4 {[%emt 0:08:38]} Ba5 {[%emt 0:05:45]} 11. Be2 {[%emt 0:06:44]} a6 {[%emt 0:03:41]} 12. Qc2 {[%emt 0:14:31]} exd5 {[%emt 0:01:38]} 13. exd5 {[%emt 0:13:07]} b5 {[%emt 0:03:39]} 14. b3 {[%emt 0:02:12]} Qe7 {[%emt 0:09:35]} 15. Bd3 {[%emt 0:04:16]} Bxc3 {[%emt 0:25:04]} 16. Qxc3 {[%emt 0:00:12]} Nd7 {[%emt 0:01:04]} 17. Rae1 {[%emt 0:07:53]} Qh4+ {[%emt 0:02:38]} 18. g3 {[%emt 0:00:26]} Qd8 {[%emt 0:00:17]} 19. Qc2 {[%emt 0:05:05]} Nf8 {[%emt 0:00:27]} 20. Bc3 {[%emt 0:01:10]} b4 {[%emt 0:06:15]} 21. Bb2 {[%emt 0:01:24]} g6 {[%emt 0:08:35]} 22. h4 {[%emt 0:01:31]} Ra7 {[%emt 0:01:43]} 23. Ba1 {[%emt 0:03:12]} f6 {[%emt 0:00:48]} 24. g4 {[%emt 0:02:07]} Rxe1 {[%emt 0:01:44]} 25. Rxe1 {[%emt 0:00:17]} Ne8 {[%emt 0:00:05]} 26. h5 {[%emt 0:01:57]} g5 {[%emt 0:00:22]} 27. Ng2 {[%emt 0:00:31]} Re7 {[%emt 0:00:35]} 28. Ne3 {[%emt 0:00:32]} a5 {[%emt 0:00:14]} 29. Bf5 {[%emt 0:00:35]} Bxf5 {[%emt 0:01:09]} 30. Nxf5 {[%emt 0:00:02]} Rxe1 {[%emt 0:00:10]} 31. Kxe1 {[%emt 0:00:26]} Nd7 {[%emt 0:00:21]} 32. Nh6+ {[%emt 0:02:31]} Kg7 {[%emt 0:00:16]} 33. Nf5+ {[%emt 0:00:05]} Kg8 {[%emt 0:00:10]} 34. Qe4 {[%emt 0:00:20]} Ne5 {[%emt 0:00:09]} 35. Nh6+ {[%emt 0:01:39]} Kg7 {[%emt 0:00:03]} 36. Nf5+ {[%emt 0:00:05]} Kg8 {[%emt 0:00:05]} 37. Bxe5 {[%emt 0:00:40]} fxe5 {[%emt 0:00:15]} 38. Ng3 {[%emt 0:03:09]} Qf6 {[%emt 0:00:24]} 39. Qf5 {[%emt 0:00:36]} Qxf5 {[%emt 0:00:15]} 40. Nxf5 {[%emt 0:00:00]} Kf7 {[%emt 0:00:00]} 41. Ke2 {[%emt 0:00:35]} Kf8 {[%emt 0:03:04]} 42. Ke3 {[%emt 0:04:12]} Kf7 {[%emt 0:00:17]} 43. h6 {[%emt 0:11:31]} Kg6 {[%emt 0:11:58]} 44. Ke4 {[%emt 0:01:17]} Nf6+ {[%emt 0:00:06]} 45. Ke3 {[%emt 0:00:01]} Ne8 {[%emt 0:00:11]} 46. Ke4 {[%emt 0:00:49]} Nf6+ {[%emt 0:00:02]} 47. Ke3 {[%emt 0:00:08]} Ne8 {[%emt 0:00:02]} 48. Ke4 {[%emt 0:19:55]} 1/2-1/2

[Event "BAN-chT Golden Jubilee 2021-22"]
[Site "Dhaka"]
[Date "2022.03.12"]
[Round "3.10"]
[White "Ahmed, Sheikh Nasir"]
[Black "Aditya Mittal"]
[Result "0-1"]
[WhiteElo "2168"]
[BlackElo "2487"]
[Annotator "TA"]
[PlyCount "66"]
[EventDate "2022.03.10"]
[EventType "team-tourn"]
[EventCountry "BAN"]
[SourceTitle "playchess.com"]
[Source "ChessBase"]
[SourceQuality "1"]

{[%evp 12,66,19,4,16,0,22,0,15,0,16,-38,-19,-33,0,0,0,0,8,0,0,-26,0,0,0,0,0,0,0,0,0,0,0,0,0,-56,-63,-92,-38,-28,-34,-249,-232,-495,-493,-488,-476,-459,-437,-1219,-1353,-1296,-1251,-29987,-29988,-29988,-862]} 1. e4 c5 2. Nf3 d6 3. d4 cxd4 4. Nxd4 Nf6 5. Nc3 a6 6. h3 e5 {The main line 6...e5 scores better than 6...e6.} 7. Nb3 Be6 {B90: Sicilian Najdorf: Unusual White 6th moves, 6 Be3 Ng4 and 6 Be3 e5.} 8. f4 b5 9. Qf3 Nc6 {The position is equal.} 10. Bd3 Be7 {[#]} 11. Bd2 $146 (11. f5 $11 Bc4 12. O-O) ({Predecessor:} 11. g4 Rc8 12. f5 Bc4 13. O-O Nb4 14. g5 Nd7 15. Qg3 h6 16. f6 gxf6 17. g6 {1-0 (44) Sutovsky,E (2635)-Khismatullin,D (2651) Poikovsky 2015}) 11... exf4 $15 12. Bxf4 Nd7 13. O-O-O Bg5 14. g3 Rc8 15. Kb1 Nce5 16. Qe3 Be7 {[%cal Oc8c3]} 17. Nd4 Rxc3 18. bxc3 Qc7 19. Nxe6 fxe6 20. Be2 Bf6 21. Bg5 Bxg5 22. Qxg5 Nc5 {[%cal Bd7c5,Bc5a4,Ba4c3][%mdl 32]} 23. Rd4 (23. Rxd6 $1 $11 Qxd6 24. Qxg7) 23... O-O 24. Rf1 {[#]} Rxf1+ (24... Rc8 $1 $17 {White must now prevent ...Na4.} 25. Bg4 Kh8) 25. Bxf1 Na4 26. Qe3 {This costs White the game.} (26. Rxa4 $1 $15 bxa4 27. Qe3) 26... Nxc3+ {Pair of Knights!} 27. Ka1 $2 (27. Kb2 {was worth a try.} b4 28. a3) 27... Qa5 $19 {[%csl Gc3][%cal Ra5a2]} 28. Kb2 b4 {[%cal Bb5b4,Bb4b3,Bb3b2][%mdl 32]} 29. Kc1 Nxa2+ ({But not} 29... Qxa2 $2 30. Kd2 Qb1 31. Rxb4 Qxb4 32. Qxc3 Nf3+ 33. Kd3 Ne1+ 34. Kd2 Nf3+ 35. Kd3 Qb5+ 36. Ke3 Qxf1 37. Qc8+ Kf7 38. Qd7+ Kf6 39. Qd8+ Kg6 40. Qe8+ Kh6 41. Qxe6+ g6 42. Qxd6 $19) 30. Kd2 (30. Kd1 $142 Nc3+ 31. Kd2) 30... b3+ 31. c3 Qa3 {[#] ( -> ...b2)} 32. Kd1 b2 33. Kc2 Nxc3 {Weighted Error Value: White=0.67/Black=0.09 (flawless)} 0-1